000 004830000a22001810004500
041 0 _aENG
082 0 4 _aG 261.74 H5723w
100 1 _aHershberger, Guy Franklin (1896- )
245 1 0 _aWar, peace, and nonressistance / Guy Franklin Hershberger
250 _a3
260 _aScottdale, PA., USA : Herald
300 _aXVI, 382 Pag
001 6860
942 _cBK
999 _c37114
_d37114
336 _atexto
_btxt
_2rdacontent
337 _2rdamedia
_asin mediación
_bn
338 _2rdacarrier
_avolumen
_bnc